[Event "European Rapid Championship"]
[Site "Tallinn EST"]
[Date "2016.12.16"]
[EventDate "2016.12.15"]
[Round "9.29"]
[Result "1/2-1/2"]
[White "Dmitry Andreikin"]
[Black "Sergei Lobanov"]
[WhiteElo "2737"]
[BlackElo "2429"]
[PlyCount "109"]

1. e4 c5 2. Nf3 d6 3. c3 Nf6 4. h3 g6 5. Bd3 Bg7 6. Bc2 O-O
7. d4 cxd4 8. cxd4 d5 9. e5 Ne4 10. O-O Nc6 11. Be3 f6
12. exf6 exf6 13. Nc3 Nxc3 14. bxc3 Be6 15. Re1 Qd7 16. Nh2
Bf5 17. Ba4 a6 18. Ng4 b5 19. Bb3 Na5 20. Nh6+ Bxh6 21. Bxh6
Rfe8 22. Qf3 Nxb3 23. axb3 Qc6 24. Re3 Rxe3 25. Qxe3 Kf7
26. b4 Re8 27. Qg3 Bc2 28. h4 Bb3 29. Kh2 Bc2 30. Bf4 Re6
31. Rc1 Bf5 32. Ra1 Re4 33. f3 Re2 34. Bh6 Bc8 35. Re1 Rxe1
36. Qxe1 Qd6+ 37. Kg1 Bf5 38. g4 Bd3 39. Kg2 Qe6 40. Be3 h5
41. Qd2 Bc4 42. Kg3 hxg4 43. fxg4 Qe4 44. Qf2 Kg7 45. g5 f5
46. Qf4 Qxf4+ 47. Kxf4 Kf7 48. Ke5 Ke7 49. Bf2 Bb3 50. Bg3 Bc4
51. h5 gxh5 52. g6 Kf8 53. Kxf5 Bd3+ 54. Kg5 h4 55. Bd6+
1/2-1/2

[Event "European Rapid Championship"]
[Site "Tallinn EST"]
[Date "2016.12.16"]
[EventDate "2016.12.15"]
[Round "10.29"]
[Result "0-1"]
[White "Enrique Llobel Cortell"]
[Black "Dmitry Andreikin"]
[WhiteElo "2399"]
[BlackElo "2737"]
[PlyCount "74"]

1. e4 c5 2. Nc3 a6 3. g3 b5 4. Bg2 Bb7 5. d3 e6 6. Nh3 Nc6
7. O-O h5 8. f4 Nf6 9. f5 b4 10. Ne2 e5 11. Bg5 Be7 12. c3 a5
13. Qd2 Qb6 14. Nf2 Ng4 15. h3 f6 16. hxg4 fxg5 17. gxh5 Rxh5
18. Bf3 Rh8 19. Kg2 O-O-O 20. Rh1 Bf6 21. Ng4 Ne7 22. c4 Rxh1
23. Rxh1 Nxf5 24. Ne3 Nh6 25. Ng1 Qd6 26. Nh3 g4 27. Nxg4 Nxg4
28. Bxg4 Bxe4+ 29. Kh2 Qxd3 30. Qxd3 Bxd3 31. b3 Kc7 32. Rd1
Be4 33. Nf2 Bc6 34. Bf5 d5 35. cxd5 Rxd5 36. Rd3 a4 37. Kg1 a3
0-1

[Event "European Rapid Championship"]
[Site "Tallinn EST"]
[Date "2016.12.16"]
[EventDate "2016.12.15"]
[Round "11.16"]
[Result "1-0"]
[White "Dmitry Andreikin"]
[Black "Vojtech Plat"]
[WhiteElo "2737"]
[BlackElo "2532"]
[PlyCount "83"]

1. d4 d6 2. e4 Nf6 3. Nc3 e5 4. Nf3 Nbd7 5. Bc4 Be7 6. O-O O-O
7. Re1 c6 8. a4 a5 9. h3 Nb6 10. Bb3 Nfd7 11. Be3 exd4
12. Nxd4 Nc5 13. Qf3 Bg5 14. Rad1 Bxe3 15. Rxe3 Qg5 16. Qe2
Bd7 17. Nf3 Qh6 18. Qd2 Nxb3 19. cxb3 Be6 20. Nd4 Rfe8 21. Qe1
Nd7 22. Nce2 g6 23. Qc3 Qg5 24. f4 Qc5 25. Qd2 Nf6 26. Ng3
Rad8 27. Qf2 Bc8 28. Kh1 Nh5 29. Nge2 Ng7 30. Rc3 Qb6 31. Ng3
f5 32. exf5 Bxf5 33. Rf3 Bc8 34. f5 Nxf5 35. Ngxf5 Bxf5
36. Rxf5 gxf5 37. Qg3+ Kh8 38. Nxf5 Qc7 39. Qc3+ Re5 40. Nxd6
Qe7 41. Nf7+ Kg7 42. Nxd8 1-0

[Event "IMSA Elite Mind Games (Rapid)"]
[Site "?"]
[Date "2017.12.10"]
[EventDate "?"]
[Round "1.2"]
[Result "1/2-1/2"]
[White "Dmitry Andreikin"]
[Black "Le Quang Liem"]
[WhiteElo "2705"]
[BlackElo "2750"]
[PlyCount "143"]

1. Nf3 d5 2. d4 Nf6 3. c4 e6 4. Bg5 Be7 5. e3 O-O 6. Nbd2 h6
7. Bh4 Nbd7 8. Rc1 c5 9. Be2 b6 10. cxd5 Nxd5 11. Bg3 Bb7
12. O-O Rc8 13. a3 N5f6 14. h3 a6 15. dxc5 Nxc5 16. Nc4 Bd5
17. b4 Nce4 18. Be5 Nd7 19. Bd4 Bf6 20. Nfd2 Nxd2 21. Qxd2 b5
22. Na5 Bxd4 23. Rxc8 Qxc8 24. Qxd4 Nf6 25. Rd1 Qc2 26. Rd2
Qc1+ 27. Rd1 Qxa3 28. f3 e5 29. Qc5 Qb2 30. Bf1 e4 31. Rxd5
Nxd5 32. Qxd5 exf3 33. gxf3 Qxb4 34. Nc6 Qc3 35. Qe4 g6 36. f4
Kg7 37. h4 h5 38. Qd4+ Qxd4 39. exd4 Re8 40. d5 Re1 41. Kf2
Rd1 42. Bg2 Rd2+ 43. Ke3 Rxg2 44. d6 Rc2 45. d7 Rxc6 46. d8=Q
Re6+ 47. Kf3 Rc6 48. f5 gxf5 49. Kf4 Re6 50. Kxf5 Rg6 51. Qd4+
Kg8 52. Qd1 Kg7 53. Qxh5 Rf6+ 54. Ke4 Re6+ 55. Kd5 Rg6
56. Qe5+ Kh7 57. Qe7 Kg7 58. Qe5+ Kh7 59. h5 Re6 60. Qf5+ Kg7
61. Kc5 Rh6 62. Kd4 Re6 63. Kd3 Rd6+ 64. Ke4 Re6+ 65. Kf4 Rf6
66. h6+ Rxh6 67. Ke3 Rg6 68. Qe5+ Kg8 69. Qe8+ Kg7 70. Qe5+
Kg8 71. Qe8+ Kg7 72. Qe5+ 1/2-1/2

[Event "IMSA Elite Mind Games (Rapid)"]
[Site "?"]
[Date "2017.12.10"]
[EventDate "?"]
[Round "4.3"]
[Result "1/2-1/2"]
[White "Anton Korobov"]
[Black "Dmitry Andreikin"]
[WhiteElo "2765"]
[BlackElo "2705"]
[PlyCount "83"]

1. d4 Nf6 2. c4 e6 3. Nf3 a6 4. Nc3 d5 5. c5 b6 6. cxb6 cxb6
7. Bf4 Bb7 8. e3 Nbd7 9. Rc1 b5 10. a4 b4 11. Nb1 Rc8 12. Bd3
Nh5 13. Bg5 Rxc1 14. Qxc1 Qb8 15. Nbd2 Bd6 16. a5 h6 17. Bh4
g5 18. Bg3 Nxg3 19. hxg3 g4 20. Ng1 Bxg3 21. Qd1 h5 22. fxg3
Qxg3+ 23. Kf1 Qxe3 24. Nb3 Rh6 25. Ne2 e5 26. Ke1 e4 27. Bc2
Rf6 28. Rxh5 g3 29. Rh1 Bc6 30. Qd2 Qf2+ 31. Kd1 Bb5 32. Nbc1
Qxg2 33. Rh8+ Ke7 34. Qxb4+ Ke6 35. Re8+ Kf5 36. Ba4 Rc6
37. Bxb5 axb5 38. Qxb5 Qh1+ 39. Kd2 Qh6+ 40. Kd1 Qh1+ 41. Kd2
Qh6+ 42. Kd1 1/2-1/2

[Event "IMSA Elite Mind Games (Blitz)"]
[Site "?"]
[Date "2017.12.12"]
[EventDate "?"]
[Round "3.2"]
[Result "1/2-1/2"]
[White "Dmitry Andreikin"]
[Black "Rauf Mamedov"]
[WhiteElo "2771"]
[BlackElo "2755"]
[PlyCount "158"]

1. Nf3 Nf6 2. g3 g6 3. b3 Bg7 4. Bb2 O-O 5. Bg2 d6 6. d4 c5
7. O-O Nc6 8. d5 Na5 9. Re1 b5 10. e4 Bg4 11. Nbd2 c4 12. h3
Bxf3 13. Nxf3 Rc8 14. Bd4 Qc7 15. b4 Nb7 16. a4 a6 17. c3 Rfd8
18. h4 Ra8 19. Bh3 Nd7 20. Bxd7 Qxd7 21. Bxg7 Kxg7 22. Nd4
Rdc8 23. Qd2 Nd8 24. e5 dxe5 25. Rxe5 bxa4 26. Qe3 Ra7 27. h5
Qd6 28. Rxa4 Rd7 29. Ra1 Qf6 30. Re1 Rcc7 31. g4 Qh4 32. Qf4
Qf6 33. Qe4 Nb7 34. g5 Qb6 35. hxg6 Qxg6 36. Nf5+ Kf8 37. Qg2
Nd6 38. Nd4 Qd3 39. R5e3 Qg6 40. Rf3 Kg8 41. Rfe3 Nf5 42. Nxf5
Qxf5 43. Re5 Qd3 44. R1e3 Qg6 45. Qg3 Rb7 46. Kg2 Rb5 47. Qf3
Qd6 48. Rf5 Rxd5 49. Rxd5 Qxd5 50. Qxd5 Rxd5 51. Rxe7 Rxg5+
52. Kf1 a5 53. bxa5 Rxa5 54. Rc7 Ra4 55. Kg2 Kg7 56. Kg3 Kg6
57. Rc5 f6 58. f4 h5 59. Kh4 Ra2 60. Rxc4 Rg2 61. Kh3 Rg4
62. Rd4 Rg1 63. Rd5 Rg4 64. Rd4 Kf5 65. c4 Rg1 66. Rd5+ Kxf4
67. c5 f5 68. Rd4+ Ke5 69. Rc4 Rg7 70. c6 Rc7 71. Kh4 Kd5
72. Rc1 Rxc6 73. Re1 Re6 74. Rf1 Ke4 75. Re1+ Kd5 76. Rf1 Ke5
77. Kg5 f4 78. Re1+ Kd6 79. Rxe6+ Ke5 1/2-1/2

[Event "IMSA Elite Mind Games (Blitz)"]
[Site "?"]
[Date "2017.12.12"]
[EventDate "?"]
[Round "8.5"]
[Result "1/2-1/2"]
[White "Dmitry Andreikin"]
[Black "Alexander Grischuk"]
[WhiteElo "2771"]
[BlackElo "2725"]
[PlyCount "67"]

1. Nf3 Nf6 2. g3 g6 3. b3 Bg7 4. Bb2 O-O 5. Bg2 d6 6. d4 Nbd7
7. Nc3 e5 8. dxe5 dxe5 9. Qd2 Re8 10. Ng5 h6 11. Nge4 Nxe4
12. Nxe4 f5 13. Nc3 e4 14. O-O-O Qf6 15. e3 c6 16. Qd6 Ne5
17. Qxf6 Bxf6 18. h4 h5 19. Ne2 Be6 20. Nf4 Kf7 21. Rd8 Rexd8
22. Rd1 Rxd1+ 23. Kxd1 Ng4 24. Bxf6 Kxf6 25. Ke1 a5 26. Bf1
Bf7 27. c4 c5 28. Be2 Ne5 29. a4 Ke7 30. Kd2 Kd6 31. Kc3 Ke7
32. Kd2 Kd6 33. Kc3 Ke7 34. Kd4 1/2-1/2

[Event "European Club Cup"]
[Site "Porto Carras GRE"]
[Date "2018.10.12"]
[EventDate "2018.10.12"]
[Round "1.1"]
[Result "0-1"]
[White "Max Warmerdam"]
[Black "Dmitry Andreikin"]
[WhiteElo "2417"]
[BlackElo "2723"]
[PlyCount "60"]

1. e4 g6 2. d4 Bg7 3. Nf3 d6 4. Bc4 Nf6 5. Qe2 c6 6. Bb3 e5 7. c3 Nbd7 8. O-O
O-O 9. Bg5 h6 10. Bh4 Qc7 11. Nbd2 Nh5 12. Rad1 b5 13. Rfe1 a5 14. Nf1 a4 15.
Bc2 Nb6 16. Ne3 Be6 17. a3 Rfe8 18. Rd2 Nf4 19. Qd1 c5 20. Bg3 Nh5 21. Qe2 Nxg3
22. hxg3 exd4 23. cxd4 Nc4 24. Nxc4 Bxc4 25. Bd3 cxd4 26. Nxd4 Bxd4 27. Bxc4
Bxf2+ 28. Qxf2 bxc4 29. Qd4 d5 30. Qxd5 Red8 0-1

[Event "European Club Cup"]
[Site "Porto Carras GRE"]
[Date "2018.10.13"]
[EventDate "2018.10.12"]
[Round "2.1"]
[Result "0-1"]
[White "Yair Parkhov"]
[Black "Dmitry Andreikin"]
[WhiteElo "2331"]
[BlackElo "2723"]
[PlyCount "96"]

1. d4 Nf6 2. c4 e6 3. g3 c5 4. Nf3 cxd4 5. Nxd4 d5 6. Bg2 e5 7. Nf3 d4 8. O-O
Nc6 9. e3 Be7 10. exd4 exd4 11. Bf4 O-O 12. Re1 Be6 13. Ne5 Qb6 14. Nd2 Rad8 15.
Qb3 Qa6 16. Qf3 Nxe5 17. Rxe5 Bd6 18. Rg5 h6 19. Bxd6 Qxd6 20. Rb5 b6 21. Re1 a6
22. Rbe5 Qb4 23. Qb3 Qxd2 24. Rd1 Bxc4 25. Rxd2 Bxb3 26. axb3 Rd6 27. Bb7 Rb8
28. Bf3 Kf8 29. Re1 a5 30. Kf1 Rbd8 31. Red1 g5 32. Rd3 Ne8 33. b4 axb4 34. Rb3
Nc7 35. Rxb4 Na6 36. Ra4 Nc5 37. Rc4 d3 38. b4 Na4 39. Rd2 b5 40. Rc6 Rxc6 41.
Bxc6 Nc3 42. Bf3 Ke7 43. Ke1 Kf6 44. Rb2 Ke5 45. Kd2 Kd4 46. Rb3 Rc8 47. g4 Ne4+
48. Bxe4 Rc2+ 0-1

[Event "European Club Cup"]
[Site "Porto Carras GRE"]
[Date "2018.10.14"]
[EventDate "2018.10.12"]
[Round "3.2"]
[Result "1-0"]
[White "Dmitry Andreikin"]
[Black "Alexander Markgraf"]
[WhiteElo "2723"]
[BlackElo "2502"]
[PlyCount "43"]

1. d4 f5 2. Bf4 Nf6 3. e3 d6 4. Nc3 g6 5. h4 h6 6. Qf3 c6
7. Bc4 d5 8. Bd3 Be6 9. h5 Nxh5 10. Rxh5 gxh5 11. Bxf5 Bf7
12. Qh3 Nd7 13. Nf3 Bg7 14. O-O-O e6 15. Bxe6 Bxe6 16. Qxe6+
Qe7 17. Qh3 Qf7 18. Ne2 O-O-O 19. Ng3 Rhg8 20. Nxh5 Bh8
21. Nh4 Qxh5 22. Nf5 1-0

[Event "European Club Cup"]
[Site "Porto Carras GRE"]
[Date "2018.10.15"]
[EventDate "2018.10.12"]
[Round "4.2"]
[Result "1/2-1/2"]
[White "Dmitry Andreikin"]
[Black "Vladimir Fedoseev"]
[WhiteElo "2723"]
[BlackElo "2713"]
[PlyCount "63"]

1. e4 c5 2. Nc3 d6 3. Nge2 Nf6 4. g3 g6 5. Bg2 Bg7 6. O-O Nc6
7. d3 Bd7 8. h3 Rb8 9. Be3 a6 10. Qd2 O-O 11. Bh6 Bxh6
12. Qxh6 Nd4 13. Rac1 Qb6 14. b3 Qa5 15. f4 Kh8 16. g4 Nxe2+
17. Nxe2 Qd2 18. Bf3 Qe3+ 19. Kg2 b5 20. Qh4 Rfc8 21. Qf2
Qxf2+ 22. Kxf2 h6 23. g5 hxg5 24. fxg5 Nh7 25. h4 Kg7 26. Nf4
e5 27. Nd5 Be6 28. Ne3 f6 29. gxf6+ Nxf6 30. Rg1 Kf7 31. Rg5
Rh8 32. Rcg1 1/2-1/2

[Event "European Club Cup"]
[Site "Porto Carras GRE"]
[Date "2018.10.17"]
[EventDate "2018.10.12"]
[Round "6.2"]
[Result "1-0"]
[White "Nils Grandelius"]
[Black "Dmitry Andreikin"]
[WhiteElo "2655"]
[BlackElo "2723"]
[PlyCount "175"]

1. e4 d5 2. exd5 Qxd5 3. Nc3 Qd6 4. d4 Nf6 5. Nf3 c6 6. g3 Bf5
7. Bg2 h6 8. O-O e6 9. Na4 Nbd7 10. Bf4 Qe7 11. c4 g5 12. Be3
Bg7 13. Qb3 Rb8 14. Bd2 b5 15. cxb5 cxb5 16. Nc5 Nxc5 17. dxc5
Ne4 18. Bb4 Qc7 19. Qa3 O-O 20. Rac1 Rfc8 21. Nd2 Nxd2
22. Bxd2 Qe5 23. c6 Qxb2 24. Qxb2 Bxb2 25. c7 Rb6 26. Be3 Be5
27. Bxb6 axb6 28. Rfd1 Rxc7 29. Rxc7 Bxc7 30. Bf1 b4 31. Rd7
Be5 32. Bd3 Bh3 33. Be2 Bf5 34. Bh5 f6 35. g4 Be4 36. Bf7+ Kf8
37. Bxe6 Bg6 38. h3 h5 39. Bd5 h4 40. Kg2 Be8 41. Rb7 Bd4
42. Kf3 Bc5 43. Rc7 Bg6 44. Ke2 Be8 45. Bc4 Bg6 46. Rc8+ Kg7
47. Bb3 f5 48. Kf3 f4 49. Ke2 Kf6 50. Rc6+ Kg7 51. Re6 Bd4
52. Re7+ Kf6 53. Re6+ Kg7 54. f3 Bc5 55. Re5 Kf6 56. Re6+ Kg7
57. Re5 Kf6 58. Rd5 Be7 59. Kd1 Be8 60. Rf5+ Kg7 61. Re5 Kf8
62. Ke2 Bc6 63. Re6 Bb5+ 64. Ke1 Bd8 65. Rd6 Ke8 66. Bd1 Be7
67. Rxb6 Bc4 68. Bb3 Bd3 69. Rb7 Ba6 70. Ra7 Bd3 71. Ba4+ Kf7
72. Rb7 Kf8 73. Bb5 Bg6 74. Bc4 Bc2 75. Kd2 Bg6 76. Kc1 Be8
77. Bd5 Ba4 78. Rb6 Be8 79. Kc2 Bc5 80. Ra6 Ke7 81. Kb3 Bb5
82. Ra5 Kd6 83. Rxb5 Kxd5 84. Kc2 Kd4 85. Kd2 Kc4 86. Rb7 Be3+
87. Kc2 Bd4 88. Rc7+ 1-0

[Event "European Club Cup"]
[Site "Porto Carras GRE"]
[Date "2018.10.18"]
[EventDate "?"]
[Round "7.4"]
[Result "1/2-1/2"]
[White "Dmitry Andreikin"]
[Black "Michael Roiz"]
[WhiteElo "2723"]
[BlackElo "2607"]
[PlyCount "202"]

1. Nf3 Nf6 2. c4 e6 3. b3 d5 4. Bb2 c5 5. e3 Nc6 6. cxd5 exd5
7. Bb5 Bd6 8. d4 cxd4 9. Nxd4 O-O 10. Nc3 Bg4 11. Be2 Bxe2
12. Ncxe2 Nxd4 13. Bxd4 Bb4+ 14. Kf1 Rc8 15. g3 Bc5 16. Kg2
Bxd4 17. Nxd4 Qe7 18. Qf3 g6 19. Rac1 Kg7 20. Rhd1 Qa3
21. Nf5+ Kh8 22. Nh6 Kg7 23. Rxc8 Rxc8 24. Ng4 Rc6 25. Nxf6
Rxf6 26. Qe2 Ra6 27. Rd2 Qe7 28. Rd4 Qa3 29. Rf4 Qe7 30. Qd2
Qe5 31. Rd4 Qe7 32. h4 h5 33. Kg1 Qe5 34. Kg2 Qf5 35. Rf4 Qe5
36. Rb4 Rc6 37. Rd4 Rc5 38. Qd3 a5 39. a3 Qf5 40. Qd1 b6
41. b4 axb4 42. Rxb4 Qf6 43. Qb3 Rc3 44. Qxd5 Rxa3 45. Rf4 Ra5
46. Rxf6 Rxd5 47. Rxb6 Rd2 48. Rb4 Ra2 49. Rd4 Rb2 50. Kf3 Ra2
51. Rb4 Rc2 52. e4 Kf6 53. Ke3 Ra2 54. Rb3 Rc2 55. Ra3 Rb2
56. f3 Rb5 57. Kf4 Rb4 58. Rd3 Ra4 59. Ke3 Rb4 60. Rd6+ Ke7
61. Ra6 Rb5 62. Ra7+ Ke6 63. Ra6+ Ke7 64. Ra3 Ke6 65. Kd4 Rb4+
66. Ke3 Rb5 67. Kf4 Kf6 68. Rd3 Ra5 69. Rd6+ Kg7 70. e5 Ra4+
71. Ke3 Kf8 72. Rd7 Rb4 73. Ra7 Rc4 74. Rd7 Ra4 75. Rd4 Ra1
76. Kf4 Re1 77. Re4 Ra1 78. Kg5 Kg7 79. Rb4 Ra5 80. Kf4 Ra1
81. Rd4 Re1 82. Rd7 Re2 83. Rd3 Re1 84. Re3 Ra1 85. g4 hxg4
86. fxg4 Ra4+ 87. Kg5 Ra5 88. Kf4 Ra4+ 89. Re4 Ra1 90. Kg5 Ra5
91. Kf4 Ra1 92. h5 gxh5 93. gxh5 Rf1+ 94. Kg3 Rg1+ 95. Kh4 Rf1
96. Kg5 f6+ 97. exf6+ Rxf6 98. Re7+ Rf7 99. h6+ Kg8 100. h7+
Rxh7 101. Rxh7 Kxh7 1/2-1/2

[Event "World Rapid Championship"]
[Site "St Petersburg RUS"]
[Date "2018.12.26"]
[EventDate "2018.12.26"]
[Round "1.22"]
[Result "1-0"]
[White "Dmitry Andreikin"]
[Black "Anatoli Vaisser"]
[WhiteElo "2719"]
[BlackElo "2505"]
[PlyCount "164"]

1. e4 e6 2. d4 d5 3. Nd2 c5 4. exd5 exd5 5. Ngf3 Nc6 6. Bb5 cxd4 7. Nxd4 Bd7 8.
N2f3 Nf6 9. O-O Be7 10. Bxc6 bxc6 11. Ne5 Rc8 12. Nxd7 Qxd7 13. Qf3 O-O 14. Nf5
Bd8 15. b3 g6 16. Nh6+ Kg7 17. Re1 Re8 18. Rxe8 Qxe8 19. Bb2 Qe6 20. Ng4 h5 21.
Ne5 c5 22. Re1 d4 23. Nd3 Qc6 24. Qxc6 Rxc6 25. c4 dxc3 26. Bxc3 Kg8 27. h3 c4
28. Ne5 Ra6 29. bxc4 Rxa2 30. g4 Rc2 31. Ba1 Ba5 32. Rd1 Bc3 33. Bxc3 Rxc3 34.
g5 Ne4 35. h4 f6 36. Rd8+ Kg7 37. Rd7+ Kg8 38. gxf6 Nxf6 39. Rxa7 Ng4 40. Nxg4
hxg4 41. Rc7 Kf8 42. Kg2 Kg8 43. c5 Kf8 44. c6 Ke8 45. Rc8+ Kf7 46. Kf1 Rc2 47.
Ke1 Ke7 48. c7 Kd7 49. Rg8 Rxc7 50. Rxg6 Rc4 51. Kf1 Ke7 52. Kg2 Rf4 53. Ra6 Kf7
54. Ra2 Kg6 55. Kg3 Rb4 56. Ra5 Rb3+ 57. Kxg4 Rb4+ 58. f4 Rb1 59. Ra6+ Kf7 60.
h5 Kg7 61. Re6 Rg1+ 62. Kf5 Rh1 63. h6+ Kh7 64. Ke5 Re1+ 65. Kd6 Rf1 66. Ke5
Re1+ 67. Kf6 Rf1 68. f5 Rf2 69. Ke5 Re2+ 70. Kd6 Rf2 71. Ke5 Re2+ 72. Kf6 Rf2
73. Ra6 Kxh6 74. Kf7+ Kh7 75. f6 Rb2 76. Re6 Rb7+ 77. Kf8 Kg6 78. f7+ Kh7 79.
Re1 Rb8+ 80. Ke7 Rb7+ 81. Kf6 Rb6+ 82. Re6 1-0

[Event "World Rapid Championship"]
[Site "St Petersburg RUS"]
[Date "2018.12.26"]
[EventDate "2018.12.26"]
[Round "2.15"]
[Result "0-1"]
[White "Ilia Smirin"]
[Black "Dmitry Andreikin"]
[WhiteElo "2609"]
[BlackElo "2719"]
[PlyCount "108"]

1. e4 e5 2. Nf3 Nc6 3. Bb5 Nf6 4. d3 Bc5 5. h3 Nd4 6. Nxd4 Bxd4 7. c3 Bb6 8. Bg5
c6 9. Ba4 d5 10. Qf3 Be6 11. Nd2 h6 12. Bh4 g5 13. Bg3 dxe4 14. dxe4 g4 15. Qe2
Nh5 16. Bxe5 Qg5 17. Bxh8 Nf4 18. Qf1 gxh3 19. gxh3 Ng2+ 20. Kd1 O-O-O 21. Bd4
Bxd4 22. cxd4 Rxd4 23. f4 Ne3+ 24. Ke2 Qa5 25. Qc1 Nc4 26. Nf3 Rxe4+ 27. Kf2
Qb6+ 28. Kg3 Ne3 29. Bd1 Nf5+ 30. Kg2 Ne3+ 31. Kg3 Nf5+ 32. Kg2 Bd5 33. Qc3 Ne3+
34. Kg3 Nf5+ 35. Kg2 Re8 36. Rh2 Rg8+ 37. Kf1 Ng3+ 38. Ke1 Bxf3 39. Qxf3 Qg1+
40. Kd2 Qxh2+ 41. Kc3 Rd8 42. Qe3 Qxh3 43. Kb3 Qf5 44. Bc2 Qb5+ 45. Ka3 Qa5+ 46.
Kb3 Qb5+ 47. Ka3 Ne2 48. Qe5 Nd4 49. Rc1 Qa6+ 50. Kb4 Qxa2 51. Bf5+ Nxf5 52.
Qxf5+ Rd7 53. Qe5 Qe6 54. Qc5 Qd6 0-1

[Event "World Rapid Championship"]
[Site "St Petersburg RUS"]
[Date "2018.12.26"]
[EventDate "2018.12.26"]
[Round "3.10"]
[Result "1-0"]
[White "Dmitry Andreikin"]
[Black "Sergei Yudin"]
[WhiteElo "2719"]
[BlackElo "2507"]
[PlyCount "134"]

1. Nf3 e6 2. c4 d5 3. e3 c6 4. b3 f5 5. Be2 Nf6 6. O-O Nbd7 7. cxd5 exd5 8. Qc2
g6 9. Bb2 Bd6 10. d3 O-O 11. Nbd2 Re8 12. Rae1 Bf8 13. e4 Bg7 14. Nd4 fxe4 15.
dxe4 Nf8 16. exd5 cxd5 17. Bb5 Rxe1 18. Rxe1 Bd7 19. Qc5 Bxb5 20. Nxb5 b6 21.
Qe7 Qxe7 22. Rxe7 N8d7 23. Nc7 Rc8 24. Nxd5 Rc2 25. Nc4 Bf8 26. Rxd7 Nxd7 27.
Nde3 Rxb2 28. Nxb2 Kf7 29. Kf1 Ke6 30. Ke2 Nc5 31. f3 Bd6 32. g3 h5 33. Nd3 Nd7
34. f4 Nf6 35. Kf3 b5 36. h3 Nd5 37. Nd1 a5 38. g4 hxg4+ 39. hxg4 a4 40. Ke4
Nf6+ 41. Kf3 Nd5 42. bxa4 bxa4 43. N3b2 a3 44. Nc4 Be7 45. g5 Bf8 46. Ke4 Nb4
47. Nc3 Bg7 48. Nb5 Nxa2 49. Ncxa3 Nb4 50. Nc4 Nc6 51. Nc7+ Kd7 52. Nd5 Ke6 53.
Nc7+ Kd7 54. Na6 Ke6 55. Nc5+ Ke7 56. Nd3 Ke6 57. Nce5 Ne7 58. Nc5+ Kd6 59. Nb7+
Kc7 60. Na5 Kd6 61. Nb3 Bxe5 62. fxe5+ Kc6 63. Nd4+ Kd7 64. Ne2 Kc6 65. Nf4 Kd7
66. Kd4 Kc6 67. Kc4 1-0

[Event "World Rapid Championship"]
[Site "St Petersburg RUS"]
[Date "2018.12.26"]
[EventDate "2018.12.26"]
[Round "4.2"]
[Result "0-1"]
[White "Vladislav Artemiev"]
[Black "Dmitry Andreikin"]
[WhiteElo "2709"]
[BlackElo "2719"]
[PlyCount "74"]

1. e4 e5 2. Nf3 Nc6 3. Nc3 Nf6 4. Bb5 Bb4 5. O-O O-O 6. d3 Bxc3 7. bxc3 d6 8.
Bg5 Qe7 9. Re1 a6 10. Ba4 Nd8 11. Bb3 Ne6 12. Bh4 Nf4 13. Nd2 b5 14. Nf1 Ng6 15.
Bg3 c5 16. Ne3 Qc7 17. h4 Be6 18. h5 Nf4 19. Bxf4 exf4 20. Nd5 Bxd5 21. Bxd5
Rae8 22. h6 Re5 23. hxg7 Kxg7 24. Qd2 Rfe8 25. c4 Nh5 26. cxb5 axb5 27. a4 bxa4
28. Rxa4 Qe7 29. Rea1 Qh4 30. Qd1 Nf6 31. c4 Rh5 32. Kf1 Ng4 33. Qd2 Ne5 34. Qd1
f3 35. gxf3 Qh1+ 36. Ke2 Qxf3+ 37. Kd2 Qxd3+ 0-1

[Event "World Rapid Championship"]
[Site "St Petersburg RUS"]
[Date "2018.12.26"]
[EventDate "2018.12.26"]
[Round "5.2"]
[Result "1/2-1/2"]
[White "Dmitry Andreikin"]
[Black "Ian Nepomniachtchi"]
[WhiteElo "2719"]
[BlackElo "2763"]
[PlyCount "64"]

1. d4 Nf6 2. c4 g6 3. Nc3 d5 4. cxd5 Nxd5 5. e4 Nxc3 6. bxc3 Bg7 7. Nf3 c5 8.
Be2 Bg4 9. Rb1 O-O 10. O-O cxd4 11. cxd4 Bxf3 12. Bxf3 Bxd4 13. Rxb7 Nc6 14. Qa4
Qc8 15. Rb3 Qe6 16. e5 Rac8 17. Bxc6 Qxc6 18. Qxd4 Qxc1 19. e6 Qc5 20. exf7+
Rxf7 21. Qd1 Rc6 22. Re3 Qc4 23. Qd8+ Rf8 24. Qd2 Rd6 25. Qb2 Rb6 26. Qd2 Rd6
27. Qb2 Rb6 28. Rb3 Rxb3 29. axb3 Rb8 30. Qa3 Rxb3 31. Qxa7 Kf7 32. Qa1 Rc3 1/2-1/2

[Event "World Rapid Championship"]
[Site "St Petersburg RUS"]
[Date "2018.12.27"]
[EventDate "2018.12.26"]
[Round "7.2"]
[Result "1/2-1/2"]
[White "Dmitry Andreikin"]
[Black "Yu Yangyi"]
[WhiteElo "2719"]
[BlackElo "2764"]
[PlyCount "45"]

1. e4 e5 2. Nf3 Nf6 3. d4 Nxe4 4. Bd3 d5 5. Nxe5 Nd7 6. Nxd7
Bxd7 7. O-O Bd6 8. Qh5 Qf6 9. Nc3 Qxd4 10. Be3 Qe5 11. Qxe5+
Bxe5 12. Nxd5 Nf6 13. Rae1 Nxd5 14. Bd2 f6 15. f4 Nxf4
16. Bxf4 O-O 17. Bxe5 fxe5 18. Bc4+ Kh8 19. Rxf8+ Rxf8
20. Rxe5 Re8 21. Rxe8+ Bxe8 22. Kf2 g5 23. Ke3 1/2-1/2

[Event "World Rapid Championship"]
[Site "St Petersburg RUS"]
[Date "2018.12.27"]
[EventDate "2018.12.26"]
[Round "8.2"]
[Result "1/2-1/2"]
[White "Anton Korobov"]
[Black "Dmitry Andreikin"]
[WhiteElo "2698"]
[BlackElo "2719"]
[PlyCount "55"]

1. d4 Nf6 2. c4 e6 3. Nf3 b6 4. Bf4 Bb7 5. e3 d6 6. h3 Nbd7
7. Nc3 g6 8. Be2 Bg7 9. O-O Ne4 10. Nxe4 Bxe4 11. Nd2 Bb7
12. Bf3 Qc8 13. Qa4 e5 14. Bg3 Bxf3 15. Nxf3 O-O 16. dxe5 dxe5
17. Rfd1 Nc5 18. Qc2 e4 19. Nd4 Nd3 20. Rab1 a6 21. Ne2 b5
22. cxb5 axb5 23. Nf4 Rxa2 24. Nxd3 exd3 25. Qxd3 c6 26. b4
Qe6 27. Rbc1 Rc8 28. Qd7 1/2-1/2

[Event "World Rapid Championship"]
[Site "St Petersburg RUS"]
[Date "2018.12.27"]
[EventDate "2018.12.26"]
[Round "10.5"]
[Result "0-1"]
[White "Peter Svidler"]
[Black "Dmitry Andreikin"]
[WhiteElo "2737"]
[BlackElo "2719"]
[PlyCount "58"]

1. Nf3 Nf6 2. c4 b6 3. g3 Bb7 4. Bg2 g6 5. O-O c5 6. e3 Bg7
7. d4 O-O 8. Nc3 Ne4 9. Ne2 Nc6 10. Nf4 e6 11. Re1 f5 12. d5
exd5 13. Nxd5 Ne7 14. Nf4 Qc7 15. a4 g5 16. Nh5 g4 17. Nh4 Ng6
18. Nxg7 Nxh4 19. gxh4 Kxg7 20. Qc2 Rf6 21. b3 Rh6 22. Bb2+
Kf7 23. Bxe4 Bxe4 24. Qc3 Rg8 25. a5 Qxh2+ 26. Kxh2 Rxh4+
27. Kg3 Rh3+ 28. Kf4 Rf3+ 29. Ke5 Rg6 0-1

[Event "World Rapid Championship"]
[Site "St Petersburg RUS"]
[Date "2018.12.28"]
[EventDate "2018.12.26"]
[Round "11.4"]
[Result "1/2-1/2"]
[White "Dmitry Andreikin"]
[Black "Maxim Matlakov"]
[WhiteElo "2719"]
[BlackElo "2700"]
[PlyCount "31"]

1. d4 Nf6 2. c4 e6 3. Nf3 d5 4. e3 Be7 5. Nc3 O-O 6. b3 c5
7. Bb2 cxd4 8. Nxd4 a6 9. a3 dxc4 10. Bxc4 b5 11. Be2 Bb7
12. Bf3 Qb6 13. Bxb7 Qxb7 14. Qf3 Qxf3 15. gxf3 Rc8 16. Ke2
1/2-1/2

[Event "World Rapid Championship"]
[Site "St Petersburg RUS"]
[Date "2018.12.28"]
[EventDate "2018.12.26"]
[Round "15.11"]
[Result "1/2-1/2"]
[White "Dmitry Andreikin"]
[Black "Alexander Zubov"]
[WhiteElo "2719"]
[BlackElo "2597"]
[PlyCount "76"]

1. e4 e5 2. Nf3 Nf6 3. Nc3 Nc6 4. Bb5 Bc5 5. Bxc6 dxc6 6. h3
Be6 7. d3 Nd7 8. Ng5 Qe7 9. Nxe6 Qxe6 10. Qg4 Qg6 11. Bd2
O-O-O 12. Ne2 Kb8 13. b4 Bd6 14. a4 c5 15. bxc5 Nxc5 16. Qf3
Rhf8 17. Ng3 Qe6 18. O-O g6 19. Bh6 Rg8 20. Be3 Ka8 21. Rfb1
Rb8 22. Rb5 Qe7 23. a5 c6 24. Rb2 Rgd8 25. Nf1 Na6 26. Rb3 Bb4
27. Bd2 Bc5 28. Be3 Bb4 29. Ra4 Rd7 30. Bc1 Bc5 31. Nd2 Rf8
32. Qe2 f5 33. Nf3 Bd6 34. Rc4 Re8 35. Bb2 Nc5 36. Rbc3 Na6
37. Rb3 Nc5 38. Rbc3 Na6 1/2-1/2